Escudos de times do Campeonato Holandês 2024 - Statistics

Estatísticas Gerais
  • Esse quiz foi jogado 32 vezes
  • A pontuação média é 14 de 18
Estatísticas das Respostas
Imagem Resposta % Correto
AFC Ajax
100%
FC Groningen
97%
FC Twente
97%
Feyenoord
93%
Fortuna Sittard
93%
SC Heerenveen
93%
FC Utrecht
87%
PEC Zwolle
87%
Sparta Rotterdam
87%
NEC Nijmegen
80%
Go Ahead Eagles
77%
AZ Alkmaar
67%
RKC Waalwijk
67%
Almere City FC
63%
PSV Eindhoven
53%
NAC Breda
47%
Willem II
47%
Heracles Almelo
43%
Nenhum quiz correspondente encontrado
Distribuição das Pontuações
Porcentagem de Pessoas com Cada Pontuação
Percentil de Números Respondidos
Sua Pontuação Histórica
Você não jogou esse quiz